00773 a2200157 45000010006000000050017000060080041000230030015000640400040000790800038001192450043001572640034002003000019002345050333002531000029005865427520260407155814.0260407a1965 arg spa dAR-UNSa-BCEJYS aAR-UNSa-BCEJYSbspacAR-UNSa-BCEJYS a336.74xMoneda. Sistema monetario10aEl dinero y las estructuras monetarias 1aBuenos Aires :bAguilarc1965 a316 p.c18 cm. a1. Carácter inmaterial del dinero – 2. Dinero escritural – 3. Teoría económica del dinero – 4. Teoría jurídica del dinero – 5. Nueva teoría jurídica del dinero – 6. Monedas y sistemas monetarios – 7. El oro – 8. Cambio exterior y régimen de divisas – 9. Hacia una moneda jurídica internacional.1 aOlarra Jiménez, Rafael